| 000 | 00639nam a2200145Ia 4500 | ||
|---|---|---|---|
| 008 | 170221s9999 xx 000 0 und d | ||
| 100 | _aDmitry V. Shkurkin | ||
| 245 | _aFormation and Development of the Integrated Marketing Communications in the Activities of Production and Trade Enterprises | ||
| 245 | _cDmitry V. Shkurkin, Irina N. Mayatskaya, Oksana V. Nikonova, Vladimir S. Novikov, Irina S. Vasilyeva, Svetlana G. Karepova | ||
| 260 | _bInternational Review of Management and Marketing | ||
| 260 | _cNovember 2014 | ||
| 300 | _a3:4 | ||
| 650 | _xMarketing. | ||
| 856 | _uhttp://www.econjournals.com/index.php/irmm/issue/view/70 | ||
| 999 |
_c310159 _d310159 |
||